000 01096nas a2200277 a 4500
005 20260116143536.0
007 ta
008 250120e2024 dr fu|p|r||||||0| ||spa d
022 _a3060-9593
040 _aDO-SdBNP
_cBNPHU
_erda
041 _hspa
110 _aUnión Médica del Norte
_cSantiago de los Caballeros, República Dominicana
_986899
240 _aUnión & Ciencia.
245 _aRevista médico-científica /
_cUnión Médica del Norte.
250 _aTercera edición, diciembre 2024.
264 _aSantiago de los Caballeros, República Dominicana :
_bUnión Médica del Norte,
_c2024.
300 _avolumen :
_bilustraciones, fotografías ;
_c27 cm.
310 _aSemestral.
362 _aVolumen 1. Número 1. Enero-Junio de 2024.
500 _aDomado por: Unión Médica del Norte.
500 _aÓrgano Oficial de Difusión de Investigación en Salud.
650 0 _aSalud
_vPublicaciones periódicas
_91687
650 0 _aMedicina
_912481
_vPublicaciones periódicas
856 _uhttps://clinicaunionmedica.com/union-ciencia-noviembre-2025/
942 _2ddc
_cISSUE
999 _c58073
_d58073